| 000 | 00649nam a2200181Ia 4500 | ||
|---|---|---|---|
| 008 | 090630s9999 xx 000 0 und d | ||
| 082 | _b13120 | ||
| 100 | _aकेळकर न. चि. | ||
| 245 |
_aफ्रेंच राज्यक्रांती. _cकेळकर न. चि. |
||
| 260 |
_bवरदा बुक्स पुणे. _c1989 |
||
| 300 | _a175 | ||
| 600 | _aकेळकर न. चि. | ||
| 630 | _aफ्रेंच राज्यक्रांती. | ||
| 655 | _aइतर. | ||
| 700 | _aकेळकर न. चि. | ||
| 730 | _aफ्रेंच राज्यक्रांती. | ||
| 942 | _cBOOK | ||
| 999 |
_c264976 _d264976 |
||